000 00511cam a22002051 4500
001 ne 68004205
003 DLC
005 20260227111849.0
008 950414s1959 xx 000 0 arao
010 _ane 68004205
035 _a(OCoLC)32314938
040 _aDLC
_cCU
_dCU
_dDLC
042 _apremarc
050 0 0 _aZ695
_b.K38
100 1 _aKāẓim, Midḥat ʻĀdil.
245 1 0 _aKashshāf li-taṣnīf al-kutub.
260 _c1959.
300 _a70 p.
_c20 cm.
650 0 _aSubject headings,
_xArabic.
999 _c50967
_d50967